00560nam a2200181 a 45000010010000000030011000100080041000210350026000620820016000881000014001042450064001182600044001826500015002269420012002419520090002539980020003439990015003630000-9188ELIB.Books110520 1996  a(ELIB.Books)0000-9340 a220.3 bVin aVine, W.E aVine's Complete Expository Dictionary of Old & New T. Words bLondon: Thomas Nelson Publishers c1996 aDictionary 2ddccBK 00102ddc4070aKBTSbKBTSd2011-05-20l0p8535r2022-01-22 00:00:00w2022-01-22yBK cbate2011-05-20 c9188d9188